00693nam a2200145Ia 4500008004100000050002400041100003000065245018500095260008600280300003300366521001500399942000700414999001900421952010700440140724s9999 xx 000 0 und d aNC 997b.At872 2013 aAtienza, Jireh Ephraim M. 2aA promotional Video that incorprorates motion graphics and typography animation for Southville International School and Colleges Multimedia Arts Course /cJireh Ephraim M. Atienza. aLas Piñas, Philippines :bSouthville International School and Colleges,cc2013. a67 p. :bcol. ill. ;c28 cm. aMedia Arts cTH c229242d229242 001040aCLbCLcTHESESd2014-07-24l0oNC 997 .At872 2013pT0596r2018-05-15 00:00:00w2014-07-24yTH